The history of the West Indian islands of Trinidad and Tobago, 1498-1900.

Bibliographic Details
Main Author: Carmichael, Gertrude
Format: Book
Language:English
Published: London : A. Redman, [1961]
Subjects:

MARC

Tag First Indicator Second Indicator Subfields
LEADER 00000cam a2200000 4500
001 in00000257529
005 20151010053637.0
008 720510s1961 enka b 00000 eng d
010 |a  62000632  
035 |a (OCoLC)00304914 
035 |9 ABC5246AM 
040 |c OSU  |d TXA  |d UtOrBLW 
049 |a TXAM  |c 1 [1100122]  |c 2 [1411528] 
090 |a F2121  |b .C33 
100 1 |a Carmichael, Gertrude. 
245 1 4 |a The history of the West Indian islands of Trinidad and Tobago, 1498-1900. 
264 1 |a London :  |b A. Redman,  |c [1961] 
264 4 |c [©1961] 
300 |a 463 pages :  |b illustrations ;  |c 22 cm. 
336 |a text  |b txt  |2 rdacontent 
337 |a unmediated  |b n  |2 rdamedia 
338 |a volume  |b nc  |2 rdacarrier 
504 |a Includes bibliography. 
651 0 |a Trinidad  |x History. 
651 0 |a Tobago  |x History. 
999 |a MARS 
999 f f |s 92b89725-498e-3853-96e8-625680a33f6f  |i b9454908-656c-31eb-9614-f346c676291c  |t 0 
952 f f |p ric  |a Texas A&M University  |b Rellis Campus  |c Joint Library Facility  |d Remote Storage  |t 0  |e F2121 .C33  |h Library of Congress classification  |i unmediated -- volume  |m A14802361378 
998 f f |a F2121 .C33  |t 0  |l Remote Storage